|
|
|
|
| LEADER |
00000nam a22000007a 4500 |
| 005 |
20150929153713.0 |
| 007 |
cr|u|| ||u| |
| 008 |
150929t xxuq||p|s|||| 00| |1eng d |
| 022 |
|
|
|a 0360-7283
|
| 035 |
|
|
|a 2837
|
| 040 |
|
|
|a vLex
|
| 090 |
|
|
|c 5561
|d 5561
|
| 245 |
0 |
0 |
|a Health and Social Work
|h [Recurso electrn̤ico]
|
| 256 |
|
|
|a Servicio en ln̕ea
|
| 260 |
|
|
|a Inglaterra
|b Oxford University Press
|c 1993-2012
|
| 300 |
|
|
|a 1 recurso electrn̤ico
|
| 310 |
|
|
|a Trimestral
|
| 500 |
|
|
|a For 20 years, human services professionals have relied on Health & Social Work for the latest advances in areas such as aging, clinical work, long-term care, oncology, substance abuse, depression, and maternal health. Articles also cover research, policy, specialized services, quality assurance, in-service training, and other topics that affect the delivery of health care services.
|
| 506 |
|
|
|a Contenido solo disponible en los productos indicados
|
| 650 |
0 |
4 |
|a Salut en el treball--Dret i legislaci ̤
|z Inglaterra
|
| 740 |
|
|
|a vLex revistas (Servicio en ln̕ea)
|
| 856 |
4 |
0 |
|z Acceso restringido
|
| 942 |
|
|
|c REV
|
| 999 |
|
|
|a Industrial hygiene--Law and legislation
|